MARC
| LEADER | 00000cam a2200000 7i4500 | ||
|---|---|---|---|
| 001 | 0000002210 | ||
| 002 | 000002410 | ||
| 005 | 20081110.0 | ||
| 020 | |a 000002410 | ||
| 090 | 0 | 0 | |a 796.352 |b FAL |
| 100 | 0 | |a Faldo, Nick | |
| 245 | 1 | 0 | |a Glof course,the 1987 open champion his glofing techniques [ |h video recording] |c Nick Faldo's |
| 260 | |a S.L : |b S.N , |c 19- | ||
| 300 | |a 1 Video recording (70 minutes) : |b col.(PAL) | ||
| 500 | |a Library has 1 copy | ||
| 650 | 0 | 0 | |a Golf |
| 999 | |a 00107 |b VIDEO |c KOLEKSI AUDIO VIDEO |e PERPUSTAKAAN KOMUNITI PETALING JAYA | ||